Livin' it! : a collection of stories on teenage life
| Other Authors: | |
|---|---|
| Format: | Book |
| Published: |
Selangor :
MPH Stores Sdn. Bhd. ,
2005
|
| Subjects: |
MARC
| LEADER | 00000cam a2200000 7i4500 | ||
|---|---|---|---|
| 001 | 0000023336 | ||
| 005 | 20160330.0 | ||
| 008 | 080826 | ||
| 020 | |a 983425170X | ||
| 090 | 0 | 0 | |a 305.235 |b LIV |
| 245 | 1 | 0 | |a Livin' it! : |b a collection of stories on teenage life |c edited by Renee Koh |
| 260 | |a Selangor : |b MPH Stores Sdn. Bhd. , |c 2005 | ||
| 500 | |a Teenager ages 13-18 years old (blue) | ||
| 650 | 0 | |a Teenagers |x conduct of life | |
| 650 | 0 | |a Youth development | |
| 650 | 0 | |a Youth |z Malaysia | |
| 700 | 1 | |a Koh, Renee | |
| 999 | |a 0001036756 |b Book |c Teenagers |e Perbadanan Perpustakaan Awam Johor | ||